000 01207nam a22003497a 4500
003 DO-SdBNP
005 20231004114747.0
007
008 151111b2005 mx |||| 00| 0 spa d
020 _a139789703704309 (v.5)
020 _a
040 _aBPMSU
_bspa
_cBPMSU
082 _a891.623
_bL673c 2005
_222
092 _a
_b
100 1 _aLewis, Clive Staples,
_d1898-1963.
245 1 4 _aLas crónicas de Narnia :
_b La travesía del viajero del alba /
_c C. S. Lewis ; traducción de Gemma Gallart ; ilustraciones de Pauline Baynes.
246 1 2 _aLa travesía del viajero del Alba
260 _aMéxico :
_bEditorial Planeta,
_c2005 reimp. 2011
_c
300 _a312 p. :
_bil.;
_c21 cm.
490 0 _aDestino
_v5
500 _aRecomendado para jóvenes
505 _av. 5 : La travesía del viajero del alba
534 _aTítulo original :
_tThe voyage of the dawn treader .
590 _6Inventariado, 2021/VM
650 4 _aNovela juvenil irlandesa.
650 4 _aMagos
_vNovela juvenil.
700 1 _aBaynes, Pauline,
_eil
700 1 _aGallart, Gemma,
_etr.
740 _aLa travesía del viajero del alba
910 _aVMateo V. Control de calidad. BPMSU
942 _2ddc
_cBK
999 _c11123
_d11123